[Event "Women's Speed Chess Q2"]
[Site "chess.com INT"]
[Date "2020.06.19"]
[Round "5"]
[White "Petrova, Irina"]
[Black "Mohota, Nisha"]
[Result "1/2-1/2"]
[WhiteTitle "WIM"]
[BlackTitle "IM"]
[WhiteElo "2087"]
[BlackElo "2195"]
[WhiteFideId "14124122"]
[BlackFideId "5004330"]
[EventDate "2020.06.19"]

1. d4 Nf6 2. Bg5 d5 3. Nc3 c6 4. Bxf6 exf6 5. e3 Bd6 6. Bd3 O-O 7. Qf3 Nd7 8.
Nge2 g6 9. Nf4 f5 10. h4 h5 11. Nxh5 gxh5 12. Qxf5 Re8 13. Qh7+ Kf8 14. Qh6+ Ke7
15. Qxh5 Nf6 16. Qh6 Rh8 17. Qg5 Rg8 18. Qh6 Ng4 19. Qh5 Nf6 20. Qe2 Rxg2 21.
O-O-O Bg4 22. Qf1 Bxd1 23. Qxg2 Bg4 24. e4 dxe4 25. Nxe4 Be6 26. Qg5 Qh8 27.
Nxd6 Kxd6 28. Qe5+ Kd7 29. Re1 Nd5 30. Kb1 Qxe5 31. Rxe5 Rh8 32. c4 Nf4 33. Bf5
Rxh4 34. Bxe6+ fxe6 35. Rg5 Rh7 36. Rg4 Ne2 37. Kc2 c5 38. dxc5 e5 39. Kd3 Nf4+
40. Ke4 Ke6 41. Rg3 Rh4 42. Kf3 Nh5 43. Rg6+ Kf5 44. Rg8 Nf4 45. Rf8+ Kg5 46.
Rg8+ Kf6 47. Rf8+ Ke7 48. Rb8 Rh3+ 49. Ke4 Rh2 50. Kxe5 Ng6+ 51. Kd5 Rxf2 52.
Rxb7+ Kf6 53. Rxa7 Rxb2 54. c6 Rd2+ 55. Kc5 Ne7 56. c7 Nc8 57. Ra6+ Ke7 58. Rh6
Rc2 59. Rh7+ Ke8 60. Rh8+ Kd7 61. Rh7+ Ke8 62. Rh8+ Kd7 63. Rh7+ Ke8 1/2-1/2

[Event "Women's Speed Chess Q2"]
[Site "chess.com INT"]
[Date "2020.06.19"]
[Round "5"]
[White "Shvedova, Alexandra"]
[Black "Fuentes Inzunza, Lesly"]
[Result "1/2-1/2"]
[WhiteTitle "WFM"]
[BlackTitle "WFM"]
[WhiteElo "1994"]
[BlackElo "1840"]
[WhiteFideId "54154782"]
[BlackFideId "3408205"]
[EventDate "2020.06.19"]

1. e4 c6 2. d4 d5 3. Nc3 dxe4 4. Nxe4 Nf6 5. Nxf6+ exf6 6. c3 Bd6 7. Bd3 O-O 8.
Ne2 Re8 9. Qc2 h6 10. O-O Bg4 11. h3 Bxe2 12. Bxe2 Nd7 13. c4 Nf8 14. Be3 Ne6
15. Rad1 Nf4 16. Bf3 Ng6 17. d5 c5 18. a3 a5 19. Qb3 Qc7 20. Rfe1 b6 21. Qc2 Re7
22. Bd2 Rae8 23. Rxe7 Rxe7 24. Qa4 Ne5 25. Be2 Ng6 26. Bf1 Qd8 27. b4 axb4 28.
axb4 Qe8 29. Qa6 Qd8 30. bxc5 Bxc5 31. Bc3 Qd6 32. Qc8+ Kh7 33. Qg4 Qf4 34. Qxf4
Nxf4 35. Bd4 Rc7 36. Bxc5 bxc5 37. g3 Ng6 38. f4 Nf8 39. Bd3+ g6 40. Bc2 Kg7 41.
Ba4 f5 42. d6 Rc8 43. Kf2 Kf6 44. Ke3 Rd8 45. d7 Ke7 46. Rd5 Ne6 47. g4 fxg4 48.
hxg4 Nf8 49. f5 gxf5 50. gxf5 Nxd7 51. f6+ Nxf6 52. Rxc5 Ra8 53. Bc2 Ra3+ 54.
Bd3 Nd7 55. Rh5 Ke6 56. Rxh6+ f6 57. Rh5 Ne5 58. Rxe5+ fxe5 59. Ke4 Kd6 60. Ke3
Kc5 61. Ke4 Rxd3 62. Kxd3 e4+ 63. Kxe4 Kxc4 1/2-1/2

[Event "Women's Speed Chess Q2"]
[Site "chess.com INT"]
[Date "2020.06.19"]
[Round "5"]
[White "Miroshnik, Ekaterina"]
[Black "Sebag, Marie"]
[Result "0-1"]
[WhiteTitle "WFM"]
[BlackTitle "GM"]
[WhiteElo "2139"]
[BlackElo "2438"]
[WhiteFideId "34127698"]
[BlackFideId "617822"]
[EventDate "2020.06.19"]

1. d3 d5 2. Nd2 Nf6 3. Ngf3 g6 4. e4 Bg7 5. Be2 O-O 6. O-O c5 7. c3 Nc6 8. Re1
b6 9. Qc2 Bb7 10. Nf1 Rc8 11. Ng3 b5 12. h4 b4 13. h5 bxc3 14. bxc3 c4 15. hxg6
hxg6 16. e5 cxd3 17. Bxd3 Nb4 18. Qb1 Nxd3 19. Qxd3 Ne4 20. Ne2 Qc7 21. Bd2 Bxe5
22. Nxe5 Qxe5 23. Nd4 Qh5 24. Re3 Nxd2 25. Qxd2 Qg5 26. Qe1 e6 27. Re5 Qf6 28.
Re3 Kg7 29. Rg3 Rh8 30. Qe3 Rh4 31. Re1 Rch8 32. f3 Rh1+ 33. Kf2 Rxe1 34. Qxe1
Rh5 35. Qd2 e5 36. Ne2 e4 37. Qd4 exf3 38. Rxf3 Qxd4+ 39. cxd4 Ba6 40. Ng3 Rg5
41. Ra3 Bc4 42. Rxa7 Rg4 43. Ne2 Bxe2 44. Kxe2 Rxg2+ 45. Ke3 Rg3+ 46. Ke2 g5 47.
Ra5 Kg6 48. Rxd5 g4 49. Ra5 f5 50. d5 Rg2+ 51. Ke3 Rg1 52. d6 Rd1 53. Ra6 Kg5
54. Ke2 Rd5 55. Ke3 g3 56. Kf3 Rd3+ 57. Ke2 Rd5 58. Kf3 f4 59. Ra8 Rd3+ 60. Kg2
Rxd6 61. Rg8+ Rg6 62. Rf8 Kg4 63. a4 Rg5 64. Ra8 f3+ 65. Kg1 Re5 66. Rg8+ Kf4
67. Rf8+ Ke3 68. Kf1 g2+ 69. Kg1 Ke2 70. Rf4 Re3 71. Rf7 Re5 0-1

[Event "Women's Speed Chess Q2"]
[Site "chess.com INT"]
[Date "2020.06.19"]
[Round "5"]
[White "Kovacs, Klara"]
[Black "Sviridova, Vlada"]
[Result "1-0"]
[WhiteTitle "WIM"]
[BlackTitle "WFM"]
[WhiteElo "2154"]
[BlackElo "2144"]
[WhiteFideId "733210"]
[BlackFideId "24109606"]
[EventDate "2020.06.19"]

1. Nf3 d5 2. g3 Nf6 3. Bg2 c6 4. O-O Bf5 5. c4 e6 6. Qb3 Qb6 7. Qxb6 axb6 8.
cxd5 exd5 9. b3 Nbd7 10. Bb2 Bd6 11. d3 O-O 12. Nbd2 b5 13. Rfe1 Rfe8 14. Nh4
Bg6 15. e4 dxe4 16. dxe4 Bb4 17. Nxg6 hxg6 18. Red1 Nc5 19. e5 Nfd7 20. Nf3 Nb6
21. a3 Nxb3 22. axb4 Nxa1 23. Bxa1 Ra4 24. Rb1 Nd5 25. Nd4 Rxb4 26. Re1 Ra4 27.
Bxd5 cxd5 28. Nxb5 f6 29. Nc7 Rc8 30. Nxd5 Re8 31. e6 Ra5 32. Nf4 g5 33. Nd3 Ra6
34. Nc5 Rc6 35. Nxb7 Rcxe6 36. Rxe6 Rxe6 37. Kg2 Kh7 38. Nc5 Rc6 39. Bd4 Rd6 40.
Be3 Rd5 41. g4 Kg6 42. Kg3 Kf7 43. Ne4 g6 44. f3 Rd3 45. Bd2 Ke6 46. Bc3 f5 47.
Nxg5+ Kd5 48. Bf6 fxg4 49. Kxg4 Rd1 50. h4 Rg1+ 51. Kf4 Rh1 52. Ne4 Ke6 53. Bg5
Ra1 54. Kg4 Ra4 55. Kg3 Kf5 56. Nf2 Ra3 57. Ng4 Rb3 58. Ne3+ Ke6 59. Kg4 Rb4+
60. f4 Re4 61. Nf1 Ra4 62. Ng3 Rc4 63. h5 gxh5+ 64. Nxh5 Kf7 65. Ng3 Kg6 66. Kf3
Ra4 67. Ne4 Rc4 68. Nd2 Ra4 69. Nf1 Rc4 70. Ne3 Ra4 71. Be7 Kf7 72. Bc5 Kg6 73.
f5+ Kf6 74. Bb6 Ra3 75. Bd4+ Kg5 76. Ke4 Ra4 77. Ke5 Ra5+ 78. Nd5 Ra8 79. f6 Kg6
80. Ke6 Ra6+ 81. Ke7 1-0

[Event "Women's Speed Chess Q2"]
[Site "chess.com INT"]
[Date "2020.06.19"]
[Round "5"]
[White "Osmak, Iulija"]
[Black "Buksa, Nataliya"]
[Result "1-0"]
[WhiteTitle "IM"]
[BlackTitle "IM"]
[WhiteElo "2438"]
[BlackElo "2410"]
[WhiteFideId "14101602"]
[BlackFideId "14123622"]
[EventDate "2020.06.19"]

1. d4 d5 2. c4 e6 3. Nc3 Nf6 4. cxd5 exd5 5. Bg5 Nbd7 6. e3 c6 7. Bd3 Be7 8.
Nge2 Nf8 9. O-O Ne6 10. Bh4 O-O 11. f3 Nh5 12. Bxe7 Qxe7 13. Qd2 g6 14. e4 dxe4
15. fxe4 Qg5 16. Qxg5 Nxg5 17. Rad1 Ne6 18. Bc4 b5 19. Bb3 b4 20. Na4 Ba6 21.
Rf2 Rad8 22. Bxe6 fxe6 23. Nc5 Rxf2 24. Kxf2 Rf8+ 25. Ke3 Bxe2 26. Kxe2 Nf4+ 27.
Kf3 a5 28. Nd7 Rf7 29. Ne5 Rf8 30. Nxc6 Nd3+ 31. Ke3 Nxb2 32. Rc1 Ra8 33. d5
exd5 34. exd5 Kf7 35. Kd4 Na4 36. Ke5 Nc3 37. Rf1+ Kg7 38. d6 Nxa2 39. d7 Nc3
40. d8=Q Rxd8 41. Nxd8 a4 42. Ne6+ Kh6 43. Rf3 g5 44. Nd4 a3 45. Nb3 a2 46. Rf1
Na4 47. Kd4 Nc3 48. Kc4 Ne4 49. Kxb4 Kg6 50. Ka3 a1=Q+ 51. Rxa1 Nc3 52. Rf1 Nb5+
53. Kb4 Nd6 54. Kc5 Ne4+ 55. Kd4 Nd6 56. Ke3 Nc4+ 57. Ke2 Ne5 58. Nd2 h5 59. Nf3
Nd7 60. Nd2 Nc5 61. g3 Ne6 62. Nf3 Nc5 63. Ke3 g4 64. Ne5+ Kg5 65. Kd4 Ne6+ 66.
Kd5 Nc7+ 67. Ke4 Nb5 68. Rf5+ Kh6 69. Rf4 Nc3+ 70. Kf5 Ne2 71. Rf2 Nd4+ 72. Ke4
Nb5 73. Nc6 Nc3+ 74. Kd3 Nd5 75. Nd4 Kg6 76. Ke4 Nc3+ 77. Ke5 Nd1 78. Rf6+ Kg7
79. Rf5 Kg6 80. Rf6+ Kg7 81. Ra6 Ne3 82. Nf5+ Nxf5 83. Kxf5 Kh7 84. Kg5 1-0

[Event "Women's Speed Chess Q2"]
[Site "chess.com INT"]
[Date "2020.06.19"]
[Round "5"]
[White "Vittal, Sanjana"]
[Black "Vovk, Anastasiia"]
[Result "1-0"]
[WhiteTitle "WFM"]
[BlackTitle "WGM"]
[WhiteElo "1961"]
[BlackElo "2076"]
[WhiteFideId "2097486"]
[BlackFideId "14110563"]
[EventDate "2020.06.19"]

1. e4 c6 2. Nc3 d5 3. Nf3 Bg4 4. h3 Bxf3 5. Qxf3 e6 6. Be2 Nf6 7. O-O d4 8. Nb1
Nbd7 9. d3 Be7 10. Bf4 e5 11. Bd2 O-O 12. a4 b6 13. Na3 a6 14. Qg3 Kh8 15. f4
exf4 16. Bxf4 Ne8 17. Nc4 b5 18. axb5 axb5 19. Ne5 Rxa1 20. Rxa1 Nxe5 21. Bxe5
Bf6 22. Bf4 g6 23. e5 Bg7 24. Bf3 Nc7 25. Bxc6 Ne6 26. Bxb5 Nxf4 27. Qxf4 Qd5
28. Bc4 Qxe5 29. Qxe5 Bxe5 30. b4 Rb8 31. b5 Kg7 32. Ra7 Rf8 33. b6 Kf6 34. b7
Bb8 35. Ra8 Ke7 36. Bd5 f5 37. Ra4 Be5 38. Kf2 Kd6 39. Bf3 Rb8 40. Rc4 Kd7 41.
Ke2 Bf6 42. Rc6 Be5 43. Rc4 Bf6 44. Rc6 Be5 45. Rc5 Bf6 46. Kd2 Bg7 47. Rc4 Bf6
48. Bd5 Bg7 49. Rc8 Be5 50. Rc4 Kd6 51. Bf3 Kd7 52. Kc1 Kd6 53. Kb2 Kd7 54. Kb3
Kd6 55. Ka4 Kd7 56. Kb5 Kd6 57. Ka6 Kd7 58. Ka7 h5 59. Bd5 g5 60. Rc8 Rxc8 61.
Be6+ Kxe6 62. bxc8=Q+ Kf6 63. Qc6+ Kf7 64. Qd7+ Kf6 65. Qc6+ Kf7 66. Qf3 Kg6 67.
g4 hxg4 68. hxg4 fxg4 69. Qxg4 Bf6 70. Qe6 Kg7 71. Qg4 Kg6 72. Ka6 Kg7 73. Kb5
Kg6 74. Kc4 Kg7 75. Kd5 Kg6 76. Ke4 Kg7 77. Qf5 Be7 78. Kd5 Bf6 79. Ke6 Bd8 80.
Qf7+ Kh6 81. Kf5 1-0

[Event "Women's Speed Chess Q2"]
[Site "chess.com INT"]
[Date "2020.06.19"]
[Round "5"]
[White "Sukandar, Irine Kharisma"]
[Black "Khotenashvili, Bela"]
[Result "0-1"]
[WhiteTitle "IM"]
[BlackTitle "GM"]
[WhiteElo "2413"]
[BlackElo "2458"]
[WhiteFideId "7101937"]
[BlackFideId "13602640"]
[EventDate "2020.06.19"]

1. e4 c6 2. d4 d5 3. exd5 cxd5 4. Bd3 Nc6 5. c3 Qc7 6. Ne2 Bg4 7. O-O e6 8. f3
Bh5 9. Qe1 Bd6 10. Qh4 Bg6 11. Bxg6 fxg6 12. Bf4 Nf6 13. Nd2 O-O 14. Bxd6 Qxd6
15. Rae1 Ne7 16. Qf4 Qb6 17. Qe5 Nd7 18. Qg5 Nf5 19. Nb3 a5 20. Nf4 Rae8 21. Nd3
a4 22. Nbc5 Nxc5 23. dxc5 Qb5 24. Qd2 b6 25. cxb6 Qxb6+ 26. Kh1 Nd6 27. Ne5 Re7
28. Re2 Rfe8 29. Rfe1 Qc5 30. Nd3 Qb6 31. Ne5 Qb5 32. Qd4 Nf5 33. Qf4 Rf8 34.
Qd2 Nd6 35. Qd4 Nf5 36. Qd2 Rfe8 37. Nd3 Nd6 38. Ne5 Nc4 39. Nxc4 Qxc4 40. a3 e5
41. h3 e4 42. fxe4 dxe4 43. Qd4 Qxd4 44. cxd4 e3 45. g3 Re4 46. Kg2 Rxd4 47. Kf3
h5 48. Rxe3 Rb8 49. R1e2 Kh7 50. Rc3 Rd7 51. h4 Rdb7 52. Rcc2 Rb3+ 53. Kg2 R8b5
54. Rf2 Rd5 55. Rf3 Rdb5 56. Rxb3 Rxb3 57. Kh3 Kh6 58. Rc4 Rxb2 59. Rxa4 g5 60.
Ra6+ g6 61. hxg5+ Kxg5 62. a4 Ra2 63. a5 Kf5 64. Ra8 g5 65. Rf8+ Kg6 66. Rg8+
Kf6 67. Rf8+ Kg7 68. Ra8 Kh6 69. Ra6+ Kg7 70. Ra7+ Kg6 71. Ra6+ Kf5 72. g4+
hxg4+ 73. Kg3 Ra3+ 74. Kg2 g3 75. Ra8 Kg4 76. a6 Ra2+ 77. Kg1 g2 78. Rb8 Rxa6
79. Rb4+ Kh3 80. Rb3+ Kh4 81. Rb4+ g4 82. Kxg2 Ra2+ 83. Kg1 Kh3 84. Rb3+ g3 85.
Rb1 Rg2+ 86. Kh1 Rh2+ 87. Kg1 Rd2 88. Kh1 Rd3 0-1

[Event "Women's Speed Chess Q2"]
[Site "chess.com INT"]
[Date "2020.06.19"]
[Round "5"]
[White "Vantika, Agrawal"]
[Black "Munkhzul, Turmunkh"]
[Result "0-1"]
[WhiteTitle "WIM"]
[BlackTitle "WIM"]
[WhiteElo "2286"]
[BlackElo "2278"]
[WhiteFideId "25050389"]
[BlackFideId "4901878"]
[EventDate "2020.06.19"]

1. d4 Nf6 2. c4 e6 3. g3 d5 4. Bg2 Be7 5. Nf3 O-O 6. O-O dxc4 7. Qc2 a6 8. a4
Bd7 9. Qxc4 Bc6 10. Bg5 Bd5 11. Qc2 Be4 12. Qc1 h6 13. Bxf6 Bxf6 14. Rd1 a5 15.
Nbd2 Bxf3 16. Nxf3 c6 17. h4 Na6 18. e3 Nb4 19. Qc4 Qd5 20. Qe2 Qd7 21. Nd2 Rfd8
22. Nc4 Qc7 23. Rac1 Na2 24. Rc2 Nb4 25. Rcd2 Rac8 26. Be4 Nd5 27. Rc2 Nb4 28.
Rcd2 Nd5 29. Rc2 Ra8 30. Rcc1 Qe7 31. Bc2 Nb4 32. Bb1 Qc7 33. Kg2 Rd7 34. Qh5
Rd5 35. Qf3 Rad8 36. Be4 R5d7 37. Bb1 Ra8 38. b3 Qd8 39. Qe4 Kf8 40. Rh1 Rd5 41.
Qf3 Rd7 42. Be4 Re7 43. g4 Rd7 44. g5 Be7 45. gxh6 gxh6 46. Kh3 Bf6 47. Qh5 Ke7
48. Rhg1 Qh8 49. Rg4 Rg8 50. Rcg1 Rxg4 51. Rxg4 Nd5 52. Rg2 Rd8 53. Qf3 Rg8 54.
Rxg8 Qxg8 55. Qg3 Qxg3+ 56. Kxg3 Nc3 57. Bd3 Nd5 58. h5 Bg7 59. Kf3 f5 60. Kg3
Nf6 61. Be2 Ne4+ 62. Kg2 Kd7 63. f3 Nf6 64. Bd3 Bf8 65. Ne5+ Ke8 66. Ng6 Bd6 67.
Nh4 Kf7 68. Ng6 Nxh5 69. Nh4 Nf6 70. f4 Bc7 71. Kf3 Nd5 72. Bc4 Bd8 73. Ng2 Be7
74. Ne1 Kf6 75. Nd3 Bd6 76. Ne1 Nb4 77. Ng2 Nd5 78. Nh4 Nc7 79. Ng2 b5 80. Bd3
bxa4 81. bxa4 Nd5 82. Ne1 Nc3 83. Bc2 h5 84. Ng2 Kg6 85. Nh4+ Kh6 86. Bb3 Be7
87. Ng2 Nd5 88. Bc4 h4 89. Ne1 Kh5 90. Bf1 Nc3 91. Nd3 Nxa4 92. Ne5 c5 93. Be2
Nc3 94. Bd3 a4 95. Bc4 Nd5 96. dxc5 Bxc5 97. e4 fxe4+ 98. Kxe4 Nf6+ 99. Kf3 Nd5
100. Ke4 h3 101. f5 Nf6+ 102. Kf4 exf5 103. Kxf5 Nh7 104. Be2+ Kh4 105. Bf3 Kg3
106. Bd5 a3 107. Nd3 Bd4 108. Nb4 h2 109. Na2 Bb2 110. Ke4 Nf6+ 111. Kd3 Nxd5
112. Kc2 h1=Q 113. Kb3 0-1

[Event "Women's Speed Chess Q2"]
[Site "chess.com INT"]
[Date "2020.06.19"]
[Round "6"]
[White "Ni, Shiqun"]
[Black "Hryzlova, Sofiia"]
[Result "1-0"]
[WhiteTitle "WGM"]
[WhiteElo "2389"]
[BlackElo "1940"]
[WhiteFideId "8608466"]
[BlackFideId "14174669"]
[EventDate "2020.06.19"]

1. e4 c5 2. Nf3 Nc6 3. Bb5 e6 4. O-O Nge7 5. Re1 a6 6. Bf1 d5 7. exd5 Nxd5 8. d4
cxd4 9. Nxd4 Nxd4 10. Qxd4 Qf6 11. Qxd5 Bb4 12. c3 O-O 13. Qg5 1-0

[Event "Women's Speed Chess Q2"]
[Site "chess.com INT"]
[Date "2020.06.19"]
[Round "6"]
[White "Koridze, Lile"]
[Black "Kantane, Anna"]
[Result "1-0"]
[WhiteTitle "WFM"]
[BlackTitle "WIM"]
[WhiteElo "1996"]
[BlackElo "2252"]
[WhiteFideId "13612514"]
[BlackFideId "1135988"]
[EventDate "2020.06.19"]

1. d4 Nf6 2. c4 c5 3. d5 e6 4. Nc3 exd5 5. cxd5 d6 6. Nf3 g6 7. Nd2 Bg7 8. Nc4
O-O 9. Bg5 a6 10. a4 Bf5 11. e4 Qe7 12. Bd3 h6 13. Bxf6 Bxf6 14. O-O Bxc3 15.
bxc3 1-0

[Event "Women's Speed Chess Q2"]
[Site "chess.com INT"]
[Date "2020.06.19"]
[Round "6"]
[White "Limontaite, Simona"]
[Black "Rakshitta, Ravi"]
[Result "1-0"]
[WhiteTitle "WIM"]
[BlackTitle "WIM"]
[WhiteElo "2171"]
[BlackElo "2190"]
[WhiteFideId "12802506"]
[BlackFideId "25073230"]
[EventDate "2020.06.19"]

1. d4 Nf6 2. c4 Nc6 3. Nf3 e6 4. g3 Bb4+ 5. Nbd2 O-O 6. Bg2 d6 7. O-O e5 8. d5
Ne7 9. Nb3 Bc5 10. Nxc5 dxc5 11. Nxe5 Nd7 12. Nd3 b6 13. b3 a6 14. d6 Rb8 15.
dxe7 Qxe7 16. Bb2 Rd8 17. Qc2 Nf6 18. Ne5 Bb7 19. Bxb7 Rxb7 20. Nc6 Qe8 21. Nxd8
Qxd8 22. Bxf6 Qxf6 23. Rad1 Rb8 24. Rd7 Re8 25. Rfd1 h6 26. e3 Qf3 27. Qd3 g6
28. Qd5 Qf6 29. Rd8 Rxd8 30. Qxd8+ 1-0

[Event "Women's Speed Chess Q2"]
[Site "chess.com INT"]
[Date "2020.06.19"]
[Round "6"]
[White "Mkrtchian, Lilit"]
[Black "Castillo Pena, Patricia Evarista"]
[Result "1-0"]
[WhiteTitle "IM"]
[BlackTitle "WCM"]
[WhiteElo "2388"]
[BlackElo "1770"]
[WhiteFideId "13300601"]
[BlackFideId "6412106"]
[EventDate "2020.06.19"]

1. d4 d5 2. c4 c6 3. Nf3 Nf6 4. e3 e6 5. b3 Nbd7 6. Bb2 Bd6 7. Bd3 O-O 8. Nbd2
Qe7 9. Ne5 c5 10. O-O cxd4 11. exd4 Ba3 12. Bxa3 Qxa3 13. f4 b6 14. Qf3 Qb2 15.
Qf2 Qc3 16. Qe3 Bb7 17. Bxh7+ Kxh7 18. Qxc3 Rac8 19. Qh3+ Kg8 20. Ndf3 Ne4 21.
Nxd7 1-0

[Event "Women's Speed Chess Q2"]
[Site "chess.com INT"]
[Date "2020.06.19"]
[Round "6"]
[White "Varshini, V"]
[Black "Tokhirjonova, Gulrukhbegim"]
[Result "0-1"]
[WhiteTitle "WGM"]
[BlackTitle "WGM"]
[WhiteElo "2226"]
[BlackElo "2378"]
[WhiteFideId "5091241"]
[BlackFideId "14203626"]
[EventDate "2020.06.19"]

1. e4 e5 2. Nf3 Nc6 3. Bb5 a6 4. Ba4 Nf6 5. Qe2 b5 6. Bb3 Bc5 7. c3 d6 8. O-O
O-O 9. Rd1 Qe7 10. d3 h6 11. Nbd2 Ng4 12. Rf1 Be6 13. h3 Nf6 14. Bc2 Nh5 15. Nb3
Ng3 16. Qe1 Nxf1 17. Qxf1 Ba7 18. d4 exd4 19. Nbxd4 Ne5 20. Nxe5 dxe5 21. Nc6
Qf6 0-1

[Event "Women's Speed Chess Q2"]
[Site "chess.com INT"]
[Date "2020.06.19"]
[Round "6"]
[White "Cori T., Deysi"]
[Black "Dordzhieva, Dinara"]
[Result "1-0"]
[WhiteTitle "WGM"]
[BlackTitle "WIM"]
[WhiteElo "2388"]
[BlackElo "2354"]
[WhiteFideId "3801934"]
[BlackFideId "24157570"]
[EventDate "2020.06.19"]

1. d4 Nf6 2. Nf3 d5 3. c4 e6 4. Nc3 dxc4 5. e3 a6 6. a4 c5 7. Bxc4 cxd4 8. exd4
Nc6 9. O-O Be7 10. Qe2 O-O 11. Rd1 Nb4 12. Ne5 Bd7 13. h3 Bc6 14. Nxc6 bxc6 15.
a5 Qc7 16. Bg5 h6 17. Bh4 Rfd8 18. Bg3 Bd6 19. Be5 Nd7 20. Bxd6 Qxd6 21. Ne4 Qc7
22. Ra3 Nf8 23. Rg3 Ng6 24. Nc5 Rab8 25. Nxe6 fxe6 26. Qxe6+ Kh8 27. Qxg6 Rd6
28. Qe4 Rbd8 29. Rg6 Rxg6 30. Qxg6 Qxa5 31. Re1 Qc7 32. Re8+ Rxe8 33. Qxe8+ Kh7
34. Bg8+ Kh8 35. Bf7+ 1-0

[Event "Women's Speed Chess Q2"]
[Site "chess.com INT"]
[Date "2020.06.19"]
[Round "6"]
[White "Michelle Catherina, P"]
[Black "Mamedjarova, Zeinab"]
[Result "1-0"]
[WhiteTitle "WIM"]
[BlackTitle "WGM"]
[WhiteElo "2176"]
[BlackElo "2274"]
[WhiteFideId "5005736"]
[BlackFideId "13401521"]
[EventDate "2020.06.19"]

1. e4 d5 2. exd5 Qxd5 3. Nc3 Qd6 4. d4 Nf6 5. Bc4 e6 6. Nf3 a6 7. a4 b6 8. O-O
Bb7 9. Ne5 Be7 10. Bf4 Qd8 11. Re1 O-O 12. Nxf7 Kxf7 13. Rxe6 Ke8 14. Qe2 Nc6
15. Re1 Qd7 16. d5 Rf7 17. dxc6 Bxc6 18. Rxc6 Qxc6 19. Bxf7+ Kxf7 20. Qxe7+ Kg8
21. Qxc7 Rc8 22. Qxc6 Rxc6 23. Kf1 Kf7 24. Bg5 h6 25. Bxf6 Kxf6 26. f4 Kf5 27.
g3 Kg4 28. Kg2 g6 29. Re5 g5 30. h3+ Kh5 31. g4+ Kh4 32. fxg5 hxg5 33. Re7 Rh6
34. Nd5 1-0

[Event "Women's Speed Chess Q2"]
[Site "chess.com INT"]
[Date "2020.06.19"]
[Round "6"]
[White "Batsiashvili, Nino"]
[Black "Yip, Carissa"]
[Result "0-1"]
[WhiteTitle "GM"]
[BlackTitle "IM"]
[WhiteElo "2457"]
[BlackElo "2420"]
[WhiteFideId "13602993"]
[BlackFideId "2090732"]
[EventDate "2020.06.19"]

1. d4 g6 2. Nf3 Bg7 3. g3 d5 4. Bg2 e6 5. O-O Ne7 6. b3 c5 7. Bb2 Nbc6 8. e3 O-O
9. Qc1 cxd4 10. exd4 Nf5 11. Rd1 Bd7 12. Ne5 Rc8 13. Qd2 Be8 14. Qe2 Qc7 15. Na3
Ncxd4 16. Rxd4 Qxe5 17. Qd2 Nxd4 18. Rd1 Nf3+ 19. Bxf3 Qxb2 20. Nb1 Rxc2 21. Qb4
Rc1 22. Qe1 Rxd1 23. Qxd1 Bc6 24. Nd2 Rc8 25. Nf1 Bd4 26. Qe1 Bb5 27. Ne3 Rc1 0-1

[Event "Women's Speed Chess Q2"]
[Site "chess.com INT"]
[Date "2020.06.19"]
[Round "6"]
[White "Borisova, Ekaterina"]
[Black "Zhuravleva, Olga"]
[Result "0-1"]
[WhiteTitle "FM"]
[BlackTitle "WIM"]
[WhiteElo "2283"]
[BlackElo "2278"]
[WhiteFideId "34124184"]
[BlackFideId "4145933"]
[EventDate "2020.06.19"]

1. d4 Nf6 2. c4 e6 3. g3 Be7 4. Nf3 O-O 5. Bg2 d6 6. O-O Nbd7 7. Nc3 c5 8. e4
cxd4 9. Nxd4 Nc5 10. h3 a6 11. Be3 Qc7 12. Qd2 Rb8 13. Rac1 b6 14. Rfd1 Bb7 15.
f3 h6 16. b4 Ncd7 17. a3 Rfe8 18. Bf2 Rbc8 19. Bf1 Qb8 20. Kh2 Qa8 21. Be2 Ne5
22. Na4 Bd8 23. Nb3 b5 24. Nb2 bxc4 25. Nxc4 Nxc4 26. Rxc4 Rxc4 27. Bxc4 d5 28.
exd5 Bxd5 29. Bxd5 Nxd5 30. Nc5 Bb6 31. Kg2 Bxc5 32. Bxc5 Qc6 33. Qd3 Ra8 34.
Rc1 Qa4 35. Rc4 Qb5 36. Rd4 Qc6 37. Rc4 Qb7 38. Rc2 Qd7 39. h4 Nf4+ 0-1

[Event "Women's Speed Chess Q2"]
[Site "chess.com INT"]
[Date "2020.06.19"]
[Round "6"]
[White "Zawadzka, Jolanta"]
[Black "Osmak, Iulija"]
[Result "0-1"]
[WhiteTitle "WGM"]
[BlackTitle "IM"]
[WhiteElo "2419"]
[BlackElo "2438"]
[WhiteFideId "1122320"]
[BlackFideId "14101602"]
[EventDate "2020.06.19"]

1. e4 e6 2. d4 d5 3. Nc3 Bb4 4. e5 Qd7 5. Bd2 b6 6. Nce2 Bf8 7. h4 c5 8. c3 Be7
9. h5 h6 10. f4 Ba6 11. Nf3 Nc6 12. g4 O-O-O 13. Be3 f6 14. Bg2 fxe5 15. fxe5
Kb7 16. Nf4 cxd4 17. Bxd4 Bg5 18. Ng6 Rh7 19. Nxg5 hxg5 20. Qd2 Nge7 21. O-O-O
Nxg6 22. hxg6 Rxh1 23. Rxh1 Nxd4 24. Qxd4 Rf8 25. Kb1 Rf4 26. Qd2 Qe8 27. Qc2
Qf8 28. Qa4 Rxa4 0-1

[Event "Women's Speed Chess Q2"]
[Site "chess.com INT"]
[Date "2020.06.19"]
[Round "6"]
[White "Nikulina, Alena"]
[Black "Shvedova, Alexandra"]
[Result "0-1"]
[WhiteTitle "WFM"]
[BlackTitle "WFM"]
[WhiteElo "1887"]
[BlackElo "1994"]
[WhiteFideId "4172051"]
[BlackFideId "54154782"]
[EventDate "2020.06.19"]

1. e4 e5 2. Nf3 Nc6 3. Bc4 Bc5 4. c3 Nf6 5. d4 exd4 6. e5 d5 7. Bb5 Ne4 8. cxd4
Bb6 9. O-O O-O 10. Nc3 Bg4 11. Bxc6 bxc6 12. Be3 f6 13. exf6 Rxf6 14. h3 Bxf3
15. gxf3 Rg6+ 16. Kh2 Qd6+ 17. f4 Rf8 18. Qf3 Ng5 19. Qh5 Nxh3 20. Qe5 Nxf4 21.
Qxd6 cxd6 22. Rg1 Rh6+ 23. Kg3 Rg6+ 24. Kh2 Rxg1 25. Rxg1 Nd3 26. b3 Nxf2 0-1

[Event "Women's Speed Chess Q2"]
[Site "chess.com INT"]
[Date "2020.06.19"]
[Round "6"]
[White "Zhao, Xue"]
[Black "Paramzina, Anastasya"]
[Result "0-1"]
[WhiteTitle "GM"]
[BlackTitle "WGM"]
[WhiteElo "2486"]
[BlackElo "2209"]
[WhiteFideId "8601283"]
[BlackFideId "4165012"]
[EventDate "2020.06.19"]

1. Nf3 Nf6 2. e3 g6 3. b3 Bg7 4. Bb2 O-O 5. c4 d6 6. Nc3 e5 7. d4 exd4 8. Nxd4
Nc6 9. Nxc6 bxc6 10. Be2 c5 11. Bf3 Rb8 12. O-O Bb7 13. Bxb7 Rxb7 14. Qf3 Rb8
15. Rad1 Qc8 16. Rd2 Qg4 17. Qxg4 Nxg4 18. Nd5 Bxb2 19. Rxb2 Rb7 20. Rd1 Ne5 21.
h3 Nxc4 22. Rc2 Na3 23. Rcd2 a5 24. Nc3 Nb5 25. Nd5 Ra8 26. a4 Na7 27. e4 Nc6
28. f4 Kg7 29. e5 dxe5 30. fxe5 Nxe5 31. Rc1 Rd8 32. Rxc5 c6 33. Re2 Nd3 34.
Rxc6 Rxd5 0-1

[Event "Women's Speed Chess Q2"]
[Site "chess.com INT"]
[Date "2020.06.19"]
[Round "6"]
[White "Girya, Olga"]
[Black "Goryachkina, Aleksandra"]
[Result "1/2-1/2"]
[WhiteTitle "WGM"]
[BlackTitle "GM"]
[WhiteElo "2469"]
[BlackElo "2582"]
[WhiteFideId "4195752"]
[BlackFideId "4147103"]
[EventDate "2020.06.19"]

1. d4 d5 2. c4 e6 3. Nf3 Nf6 4. Nc3 Nbd7 5. cxd5 exd5 6. Bg5 c6 7. e3 h6 8. Bf4
g5 9. Bg3 Nh5 10. Bd3 Nxg3 11. hxg3 Bg7 12. Qc2 Nb6 13. O-O-O Qe7 14. Kb1 Be6
15. Rc1 O-O-O 16. Na4 Kb8 17. Nc5 Bc8 18. Qb3 Ka8 19. a4 Nd7 20. a5 Nxc5 21.
Rxc5 a6 22. Qb6 Rd6 23. Rhc1 Qd8 24. Qb4 Bf8 25. Qd2 Rf6 26. R5c2 Bd6 27. Ne5
Bc7 28. Rc5 Bd6 29. R5c2 Bc7 30. Rc5 Bd6 31. R5c2 1/2-1/2